<?xml version="1.0" encoding="UTF-8"?>
<record
    xmlns:xsi="http://www.w3.org/2001/XMLSchema-instance"
    xsi:schemaLocation="http://www.loc.gov/MARC21/slim http://www.loc.gov/standards/marcxml/schema/MARC21slim.xsd"
    xmlns="http://www.loc.gov/MARC21/slim">

  <leader>00935nam a2200229 a 4500</leader>
  <controlfield tag="001">830</controlfield>
  <controlfield tag="005">20221127090030.0</controlfield>
  <controlfield tag="008">050920s       lsu a        | 00000|ara d</controlfield>
  <datafield tag="020" ind1=" " ind2=" ">
    <subfield code="z">9960245438 :</subfield>
    <subfield code="c">&#x631;&#x633; 75.00</subfield>
  </datafield>
  <datafield tag="035" ind1=" " ind2=" ">
    <subfield code="a">843</subfield>
  </datafield>
  <datafield tag="082" ind1="0" ind2="4">
    <subfield code="a">658.4013</subfield>
    <subfield code="b">&#x643;805</subfield>
  </datafield>
  <datafield tag="100" ind1="1" ind2=" ">
    <subfield code="a">&#x643;&#x64A;&#x644;&#x627;&#x62F;&#x627;&#x60C; &#x62C;&#x648;&#x632;&#x64A;&#x641;.</subfield>
  </datafield>
  <datafield tag="245" ind1="1" ind2="0">
    <subfield code="a">&#x62A;&#x643;&#x627;&#x645;&#x644; &#x627;&#x639;&#x627;&#x62F;&#x629; &#x627;&#x644;&#x647;&#x646;&#x62F;&#x633;&#x629; &#x645;&#x639; &#x627;&#x62F;&#x627;&#x631;&#x629; &#x627;&#x644;&#x62C;&#x648;&#x62F;&#x629; &#x627;&#x644;&#x634;&#x627;&#x645;&#x644;&#x629; /</subfield>
    <subfield code="c">&#x62A;&#x627;&#x644;&#x64A;&#x641; &#x62C;&#x648;&#x632;&#x64A;&#x641; &#x643;&#x64A;&#x644;&#x627;&#x62F;&#x627; &#x61B; &#x62A;&#x639;&#x631;&#x64A;&#x628; &#x633;&#x631;&#x648;&#x631; &#x639;&#x644;&#x64A; &#x633;&#x631;&#x648;&#x631;.</subfield>
  </datafield>
  <datafield tag="260" ind1=" " ind2=" ">
    <subfield code="a">&#x627;&#x644;&#x631;&#x64A;&#x627;&#x636; :</subfield>
    <subfield code="b">&#x62F;&#x627;&#x631; &#x627;&#x644;&#x645;&#x631;&#x64A;&#x62E;&#x60C;</subfield>
    <subfield code="c">2004.</subfield>
  </datafield>
  <datafield tag="300" ind1=" " ind2=" ">
    <subfield code="a">620 &#x635;. :</subfield>
    <subfield code="b">&#x627;&#x64A;&#x636;. &#x61B;</subfield>
    <subfield code="c">24 &#x633;&#x645;.</subfield>
  </datafield>
  <datafield tag="500" ind1=" " ind2=" ">
    <subfield code="a">&#x62A;&#x631;&#x62C;&#x645;&#x629; &#x644;&#x643;&#x62A;&#x627;&#x628; : Integrating reengineering with total quality / Joseph Kelada.</subfield>
  </datafield>
  <datafield tag="500" ind1=" " ind2=" ">
    <subfield code="a">&#x628;&#x627;&#x62E;&#x631;&#x647; &#x645;&#x633;&#x631;&#x62F; &#x645;&#x635;&#x637;&#x644;&#x62D;&#x627;&#x62A;.</subfield>
  </datafield>
  <datafield tag="650" ind1=" " ind2="4">
    <subfield code="a">&#x627;&#x644;&#x645;&#x648;&#x627;&#x635;&#x641;&#x627;&#x62A; &#x627;&#x644;&#x642;&#x64A;&#x627;&#x633;&#x64A;&#x629;.</subfield>
  </datafield>
  <datafield tag="650" ind1=" " ind2="4">
    <subfield code="a">&#x636;&#x628;&#x637; &#x627;&#x644;&#x62C;&#x648;&#x62F;&#x629;.</subfield>
  </datafield>
  <datafield tag="650" ind1=" " ind2="4">
    <subfield code="a">&#x627;&#x644;&#x627;&#x62F;&#x627;&#x631;&#x629; &#x627;&#x644;&#x635;&#x646;&#x627;&#x639;&#x64A;&#x629;.</subfield>
  </datafield>
  <datafield tag="700" ind1="0" ind2=" ">
    <subfield code="a">&#x633;&#x631;&#x648;&#x631;&#x60C; &#x633;&#x631;&#x648;&#x631; &#x639;&#x644;&#x649; &#x627;&#x628;&#x631;&#x627;&#x647;&#x64A;&#x645;&#x60C;</subfield>
    <subfield code="e">&#x645;&#x62A;&#x631;&#x62C;&#x645;.</subfield>
  </datafield>
  <datafield tag="999" ind1=" " ind2=" ">
    <subfield code="c">830</subfield>
    <subfield code="d">830</subfield>
  </datafield>
  <datafield tag="952" ind1=" " ind2=" ">
    <subfield code="0">0</subfield>
    <subfield code="1">0</subfield>
    <subfield code="4">0</subfield>
    <subfield code="7">0</subfield>
    <subfield code="a">CENTRAL</subfield>
    <subfield code="b">CENTRAL</subfield>
    <subfield code="d">2022-11-27</subfield>
    <subfield code="l">0</subfield>
    <subfield code="o">658.4013 DF805</subfield>
    <subfield code="p">1000000004202</subfield>
    <subfield code="r">2022-11-27 00:00:00</subfield>
    <subfield code="t">C1</subfield>
    <subfield code="w">2022-11-27</subfield>
    <subfield code="y">BK</subfield>
  </datafield>
</record>
